Cities of the MRT - Statistics

General Stats
  • This quiz has been taken 16 times
  • The average score is 66 of 411
Answer Stats
City % Correct
Deadbush
88%
A
75%
Hendon
75%
Whitechapel
75%
Airchester
63%
Achowalogen Takachsin
50%
Chan Bay
50%
City of Evella
50%
Elecna Bay
50%
Espil
50%
Kanto
50%
Laclede
50%
Lapis Bay
50%
Larkspur
50%
Los Angeles
50%
Pasadena
50%
Sunshine Coast
50%
Titsensaki
50%
Tranquil Forest
50%
Utopia
50%
Venceslo
50%
Zaquar
50%
Zerez
50%
Anthro Island
38%
Arcadia
38%
Armada
38%
Covina
38%
Creeperville
38%
Dekuville
38%
Formosa
38%
Fort Yaxier
38%
Geneva Bay
38%
Hamblin
38%
Itokani
38%
Kaloro City
38%
Lanark
38%
Murrville
38%
New Gensokyo
38%
PMW City
38%
Sansvikk
38%
Secunda
38%
Segville
38%
Seoland
38%
Spruce Valley
38%
Whitecliff
38%
Willow
38%
Wolf Peak
38%
Xiiona
38%
Xilia
38%
42
25%
Aeolia
25%
Amestris
25%
Antioch
25%
Appleton
25%
Aprix
25%
Astoria
25%
Avant Heim
25%
Bexley
25%
BirchView
25%
Birchwood
25%
Birdhall
25%
Biwabik
25%
Cactus River
25%
Camino
25%
Carnoustie
25%
Cattington
25%
Chalxior
25%
Christi
25%
Cornus
25%
Coruscant
25%
Dabecco
25%
Dand
25%
Daneburg
25%
Danielston
25%
Digipool
25%
Easest
25%
Enspington
25%
Euphorial
25%
Falloway
25%
Farwater
25%
Foresne
25%
Forgotten Isle
25%
Freedon
25%
Furling
25%
Gemstride
25%
Gray Cloud
25%
Grayzen
25%
Haibian
25%
Heampstead
25%
Hummingbird Islands
25%
Ilirea
25%
Itomori
25%
Izumo
25%
Jeeka
25%
Kenthurst
25%
Kessler
25%
Kolpino City
25%
Konawa
25%
Lakeview
25%
Las Playas
25%
Levittown
25%
Liten
25%
Marblegate
25%
Matheson
25%
Melrose
25%
Mojangsburg
25%
Mojang Town
25%
Monte Isola
25%
Moramoa
25%
Musique
25%
New Acreadium
25%
New Bakersville
25%
Newbourne
25%
New Genisys
25%
Nippia
25%
Norwest
25%
Nymphalia
25%
Orio
25%
Palestropol
25%
Peacopolis
25%
Peripotamia
25%
Pine Mountain
25%
Pixl
25%
Port City of Victoria
25%
Pretoria
25%
Quiris
25%
Radiance Square
25%
Ravenna
25%
Redwood
25%
Richville
25%
Royal Ferry
25%
San Dzobiak
25%
San Reinoldi
25%
San Vincenzo
25%
Savage City
25%
Scarborough
25%
Schillerton
25%
Schusterlans
25%
Sealane
25%
Sixty Nein
25%
Skogheim City
25%
Solarion
25%
Southburg
25%
Southoak
25%
Southport
25%
Southport-Sur-Mer
25%
Spring Valley
25%
Spruce Neck
25%
St. Anna
25%
Stoneedge
25%
Svobodny
25%
Thunderbird
25%
Torres River
25%
Totem Beach
25%
Valletta
25%
Vegeta
25%
Vekta
25%
Veldberg
25%
Verdantium
25%
Vergil
25%
Vermilion
25%
Victorian City
25%
Washingcube
25%
Waterville
25%
Wazamawazi
25%
Welsbury
25%
West Calbar
25%
Weston
25%
Whiteley
25%
Winterside
25%
Wythern
25%
Xandar
25%
AEville
13%
Arbatskaya Moscow
13%
Ashmore
13%
Asuka
13%
Avalon
13%
Bakersville
13%
Banana
13%
BearBury
13%
Beaufort
13%
Birch Forest City
13%
Borealia
13%
Boxton
13%
Catskill Islands
13%
Charlemagne
13%
City of Monoliths
13%
Copperport
13%
Dandenong
13%
Downsview
13%
Dulwich
13%
East Mesa
13%
Eden
13%
Eep
13%
Ellerton Fosby
13%
Endor
13%
Ezzo City
13%
Falcon City
13%
Freshney
13%
Genesis
13%
Gillmont
13%
Glenbrook
13%
Gold City
13%
Greenplain Heights
13%
Haguenau
13%
Hannibal
13%
Hathnes
13%
Heights City
13%
Hiranomachi
13%
Janghwa City
13%
Johnston
13%
Jungleville
13%
Kazeshima
13%
Kevtropolis
13%
Kleinsburg
13%
Kyoto
13%
Lowami
13%
Marisol
13%
Mason City
13%
Mega Motion City
13%
Merritt Lakes
13%
MeTromso
13%
Mons Pratus
13%
New Beginnings
13%
New Phoenix
13%
New Rosemont
13%
New Stone City
13%
Newton-le-Willows
13%
New Woodbury
13%
North Haven
13%
Oakburgh
13%
Oakley
13%
Oasis Sands
13%
Osaka
13%
Paralia
13%
Pearl Coast
13%
Pieville
13%
Rhodesia
13%
Risima
13%
Rockham
13%
Roke
13%
Royal Plaza
13%
Saint Roux
13%
San Jose
13%
Sansmore
13%
San Vantino
13%
Savacaci
13%
Seaview
13%
Sesby
13%
Shadowpoint
13%
Silent Plains
13%
Siletz
13%
Silver Mountain
13%
Singlwurst
13%
Snowtopic
13%
Soiled Solitude
13%
Southton
13%
Storalisburg
13%
Stormhold Bay
13%
SummerVille
13%
Sylvania
13%
Takasaki
13%
Tembok
13%
Tetrapolis
13%
Tulsi's Solitude
13%
Valence
13%
Vault City
13%
Verdstrand
13%
Villanueva
13%
West Auria
13%
West Vermilion
13%
Woodsdale
13%
Acacia Hills
0%
Akworth
0%
Alexandriasburg
0%
Alienor
0%
Aquamarine Bay
0%
Aquidneck Islands
0%
Arcadium
0%
Auckland
0%
Aviation
0%
Bawktown South
0%
Baylon City
0%
Bearainstein
0%
Blagovka
0%
Borderville
0%
Bronte
0%
Burnt Oak
0%
Cactusburg
0%
Canal City
0%
Cavia
0%
Chesmata
0%
Chillington
0%
Coalwood
0%
Columbia
0%
Columnville
0%
Courtbush
0%
Cremona
0%
Delta City
0%
DinkelBerry
0%
Disboard
0%
Eagleshore
0%
East End
0%
East Spruce
0%
Eastwood
0%
Edwardsburg
0%
Ellesume
0%
Fenton
0%
Fernar
0%
Frostbite
0%
Frosty Rivers
0%
Fujishima
0%
Gato
0%
Golden City
0%
Greater Accerton
0%
Greenfield
0%
Green Hills
0%
Greenport
0%
Grisville
0%
Gryffin
0%
Hampton
0%
Haskaa
0%
Heaven City
0%
Helix Bay
0%
Holtville
0%
Iceton
0%
Inverness
0%
Iqaluit
0%
Isle of Chez
0%
Kanterlyn
0%
Kensington
0%
Kinsetsu
0%
Knoxford
0%
Kriuine
0%
La Costa
0%
Lakeborough
0%
Lakestead
0%
Lancaster
0%
LiME
0%
Liston
0%
Lochminehead
0%
Los Serafins
0%
Loudoun
0%
Lucerne
0%
Mallison
0%
Marsius
0%
Mataratown
0%
Mecklenburg
0%
Miasto
0%
Montagnas
0%
Mortonborough
0%
Moton
0%
Mountain View
0%
Narona
0%
Nauvis
0%
New Amsterdam
0%
New Cainport
0%
New Dublinium
0%
New Kanton
0%
New Sansberg
0%
New Southport
0%
Nihongo
0%
North Alexandria
0%
Northberg
0%
Numark
0%
Oaktown
0%
Oliver Springs
0%
Orange City
0%
Padagonia
0%
Paine Field
0%
Palatium
0%
Pamsterlin
0%
Peachtree City
0%
Peaslake
0%
Phoenix Valley
0%
Pyeongmun
0%
Railroad Isle
0%
Raymont
0%
Rosemary
0%
Royalston
0%
Sandcity
0%
Sandy Bay
0%
Sanford
0%
San Juan
0%
Savannah
0%
Savvah
0%
Scotonian
0%
Seolho
0%
ShadyGrove
0%
Snowdin
0%
Southbank
0%
Southlake
0%
Spruce Hills
0%
Sprucemount
0%
Spruce Mountain
0%
Spruce Plains
0%
Tanara
0%
Tenepi
0%
Tinimia
0%
Tokyo
0%
Urbisan
0%
Verdepin Upon Pinesol Coast
0%
Wallowyn
0%
Wampanaog
0%
Wellington
0%
Wenyanga
0%
West Kespia
0%
Wightrooney
0%
Winterberg
0%
Woodsbane
0%
No matching quizzes found
Score Distribution
Percent of People with Each Score
Percentile by Number Answered
Your Score History
You have not taken this quiz